000 00280nam a2200121Ia 4500
008 220216s9999 xx 000 0 und d
100 _aMainstone B J
245 0 _aMaking rubber more attractive
260 _bPlanter
_c1973
300 _a182-187
650 _aRubber
942 _cJS
999 _c62378
_d62378